| 000 | 00950naa a22002657u 4500 | ||
|---|---|---|---|
| 001 | 07515 | ||
| 003 | HDC | ||
| 007 | cr bn ---aaaaa | ||
| 008 | 210128s1999 nyu eng | ||
| 040 | _aHDC | ||
| 100 |
_aCOUSSEMENT, PAUL, _eauthor _98049 |
||
| 245 | 0 |
_aComplex carbohydrates in foods : _bInulin and Oligofructose as Dietary Fiber: Analytical, Nutritional and Legal Aspects / _cby PAUL COUSSEMENT |
|
| 260 |
_aNew York : _bMarcel Dekker, _c1999 |
||
| 300 | _a10 pages | ||
| 336 |
_atext _2rdacontent |
||
| 337 |
_acomputer _2rdamedia |
||
| 338 |
_aonline resource _2rdacarrier |
||
| 500 | _aOriginal from book | ||
| 650 |
_aFood _xCarbohydrate content _98032 |
||
| 650 |
_aFood _xFiber content _98033 |
||
| 856 | _zRequest full-text at [email protected] | ||
| 942 | _2lcc | ||
| 942 | _cCHAP | ||
| 942 | _kEBCH 000643 | ||
| 999 |
_c4838 _d4838 |
||